The Final ULTIMATE Challenge Quiz Stats

Quiz not verified by Sporcle

Challenge
Share
Tweet
Embed
Score 0/21 Timer 06:00
0 Plays Today
Questions of Doubt Answers of Serenity % Correct
????
100%
????
87.1%
????
71%
????
51.6%
????
48.4%
????
41.9%
????
41.9%
????
38.7%
????
38.7%
????
29%
????
29%
Questions of Doubt Answers of Serenity % Correct
????
22.6%
????
22.6%
????
22.6%
????
22.6%
????
22.6%
????
22.6%
????
22.6%
????
22.6%
????
22.6%
????
6.5%

You're not logged in!

Compare scores with friends on all Sporcle quizzes.
Sign Up with Email
OR
Log In

You Might Also Like...

Show Comments

Extras

Top Quizzes Today


Score Distribution

Your Account Isn't Verified!

In order to create a playlist on Sporcle, you need to verify the email address you used during registration. Go to your Sporcle Settings to finish the process.